[Entierro de Nuestro Señor] (Record no. 102999)
[ view plain ]
| 000 -LEADER | |
|---|---|
| campo de control de longitud fija | 01108nka a2200289 i 4500 |
| 001 - NÚMERO DE CONTROL | |
| campo de control | 102999 |
| 003 - IDENTIFICADOR DE NÚMERO DE CONTROL | |
| campo de control | ES-MaACL |
| 005 - FECHA Y HORA DE LA ÚLTIMA TRANSACCIÓN | |
| campo de control | 20250823045554.0 |
| 007 - CAMPO FIJO DE DESCRIPCIÓN FÍSICA--INFORMACIÓN GENERAL | |
| campo de control de longitud fija | t| |
| 008 - DATOS DE LONGITUD FIJA--INFORMACIÓN GENERAL | |
| campo de control de longitud fija | 051223q1860 sp f | |r||1c|spa |
| 100 1# - ENTRADA PRINCIPAL--NOMBRE DE PERSONA | |
| Nombre de persona | Roselló y Prados, José María, |
| Fechas asociadas al nombre | 1835-1872 |
| Término indicativo de función/relación | Grabador |
| 9 (RLIN) | 99702 |
| 245 11 - MENCIÓN DEL TÍTULO | |
| Título | [Entierro de Nuestro Señor] |
| Medio | [Material gráfico] / |
| Mención de responsabilidad, etc. | [Jose Mª Roselló y Prados] |
| 260 ## - PUBLICACIÓN, DISTRIBUCIÓN, ETC. | |
| Lugar de publicación, distribución, etc. | [S.l. : |
| Nombre del editor, distribuidor, etc. | s.n., |
| Fecha de publicación, distribución, etc. | ca. 1860] |
| 300 ## - DESCRIPCIÓN FÍSICA | |
| Extensión | 1 estampa : |
| Otras características físicas | grabado calcográfico ; |
| Dimensiones | 345 x 410 mm |
| 490 1# - MENCIÓN DE SERIE | |
| Mención de serie | Colección facticia de grabados ; |
| Designación de volumen o secuencia | 43 |
| RLIN | 184692 |
| 500 ## - NOTA GENERAL | |
| Nota general | Inscripción: "Entierro de Nuestro Señor" |
| 594 ## - Nota al título y mención de responsabilidad | |
| Nota al título y mención de responsabilidad | Atribuido a un original de los pintores Alonso Cano, Ribera o Ph. de Champaigne |
| 600 04 - PUNTO DE ACCESO ADICIONAL DE MATERIA--NOMBRE DE PERSONA | |
| Nombre de persona | Jesucristo- |
| Subdivisión general | Entierro |
| 9 (RLIN) | 66366 |
| 650 #7 - PUNTO DE ACCESO ADICIONAL DE MATERIA--TÉRMINO DE MATERIA | |
| Término de materia o nombre geográfico como elemento de entrada | Entierros |
| Fuente del encabezamiento o término | embne |
| 9 (RLIN) | 241970 |
| 655 #7 - TERMINO DE INDIZACIÓN--GENERO/FORMA | |
| Datos o término principal de género/forma | Grabados calcográficos |
| Fuente del término | tgfbne |
| 9 (RLIN) | 241761 |
| 655 #7 - TERMINO DE INDIZACIÓN--GENERO/FORMA | |
| Datos o término principal de género/forma | Grabados |
| Fuente del término | tgfbne |
| 9 (RLIN) | 226846 |
| 655 #4 - TERMINO DE INDIZACIÓN--GENERO/FORMA | |
| Datos o término principal de género/forma | Reproducciones de obras de arte |
| 9 (RLIN) | 241931 |
| 830 #0 - PUNTO DE ACCESO ADICIONAL DE SERIE-TÍTULO UNIFORME | |
| Título uniforme | Colección facticia de grabados ; |
| Designación de volumen o secuencia | 43 |
| 9 (RLIN) | 184692 |
| 852 4# - LOCALIZACIÓN | |
| Ubicación | ES-MaACL |
| Ubicación en estantería | Depósito 2 |
| Número de control de estantería | GF-2(43) |
| 942 ## - ELEMENTOS DE ENTRADA SECUNDARIOS (KOHA) | |
| Fuente del sistema de clasificación o colocación | Clasificación decimal universal |
| Tipo de ítem Koha | Grabado |
| Suprimir en OPAC | No |
| Estatus retirado | Estado de pérdida | Fuente del sistema de clasificación o colocación | Estado de daño | No para préstamo | Colección | Biblioteca de origen | Biblioteca actual | Ubicación en estantería | Fecha de adquisición | Total de préstamos | Signatura topográfica completa | Código de barras | Visto por última vez | Tipo de ítem Koha |
|---|---|---|---|---|---|---|---|---|---|---|---|---|---|---|
| Clasificación decimal universal | Fondo Ateneo de Madrid | Biblioteca del Ateneo de Madrid | Biblioteca del Ateneo de Madrid | Depósito 2 | 17/01/2008 | GF-2(43) | 1107548 | 23/02/2023 | Grabado |
